Die über alles schöne Frau: die wahre Geschichte der heiligen Bernadette nach ersten authententischen Augenzeugenberichten

Saved in:  
Bibliographic Details
Main Author: Barbet, Jean 1828-1904 (Author)
Contributors: Guillet, Arnold 1922-2007 (Editor)
Format: Print Book
Language:German
Subito Delivery Service: Order now.
Check availability: HBZ Gateway
WorldCat: WorldCat
Interlibrary Loan:Interlibrary Loan for the Fachinformationsdienste (Specialized Information Services in Germany)
Published: Stein am Rhein/Schweiz Christiana-Verl. 1979
In:Year: 1979
Edition:1. Aufl., 1. - 10. Tsd
Standardized Subjects / Keyword chains:B Bernadette, Female saint 1844-1879 / Marian apparition
Further subjects:B Biographie / Einz. Pers. Bernadette / Christliche Persönlichkeiten
B Biographie / Einz. Pers. Bernadette / Frauen

MARC

LEADER 00000cam a2200000 c 4500
001 054401844
003 DE-627
005 20250822173946.0
007 tu
008 970321s1979 sz ||||| 00| ||ger c
015 |a 79,A32,0021  |2 dnb 
020 |a 3717107526  |c  : DM 12.00 (kart.)  |9 3-7171-0752-6 
035 |a (DE-627)054401844 
035 |a (DE-576)06951335X 
035 |a (DE-599)GBV054401844 
035 |a (OCoLC)612111293 
035 |a (OCoLC)60603637 
040 |a DE-627  |b ger  |c DE-627  |e rakwb 
041 |a ger 
044 |c XA-CH 
084 |a 02a  |2 sdnb 
084 |a 1  |2 ssgn 
084 |a BM 9525  |2 rvk  |0 (DE-625)rvk/13019: 
100 1 |0 (DE-588)174126158  |0 (DE-627)699018919  |0 (DE-576)134958551  |4 aut  |a Barbet, Jean  |d 1828-1904 
109 |a Barbet, Jean 1828-1904 
240 1 3 |a La dame plus belle que tout <dt.> 
245 1 4 |a Die über alles schöne Frau  |b die wahre Geschichte der heiligen Bernadette nach ersten authententischen Augenzeugenberichten  |c Jean Barbet. [Hrsg.: Arnold Guillet. Ins Dt. übertr. von Heinrich Willersinn-Tayenthal] 
250 |a 1. Aufl., 1. - 10. Tsd 
263 |a kart. : DM 12.00 
264 1 |a Stein am Rhein/Schweiz  |b Christiana-Verl.  |c 1979 
300 |a 168 S  |b Ill  |c 21 cm 
336 |a Text  |b txt  |2 rdacontent 
337 |a ohne Hilfsmittel zu benutzen  |b n  |2 rdamedia 
338 |a Band  |b nc  |2 rdacarrier 
583 1 |a Archivierung prüfen  |c 20200919  |f DE-640  |z 3  |2 pdager 
583 1 |a Archivierung/Langzeitarchivierung gewährleistet  |f SSG  |x XA-DE-BW  |2 pdager  |5 DE-21 
601 |a Geschichte 
601 |a Augenzeugenbericht 
650 4 |a Biographie / Christliche Persönlichkeiten / Einz. Pers. Bernadette 
650 4 |a Biographie / Frauen / Einz. Pers. Bernadette 
689 0 0 |d p  |0 (DE-588)118509713  |0 (DE-627)079313418  |0 (DE-576)20886282X  |2 gnd  |a Bernadette  |c Heilige  |d 1844-1879 
689 0 1 |d s  |0 (DE-588)4114512-4  |0 (DE-627)105821659  |0 (DE-576)20948523X  |2 gnd  |a Marienerscheinung 
689 0 |5 (DE-627) 
700 1 |e Hrsg.  |0 (DE-588)107967987  |0 (DE-627)655096701  |0 (DE-576)339426055  |4 edt  |a Guillet, Arnold  |d 1922-2007 
700 1 2 |a Barbet, Jean  |d 1828-1904  |t La dame plus belle que tout <dt.> 
700 1 2 |a Barbet, Jean  |d 1828-1904  |t La dame plus belle que tout 
935 |a mteo 
935 |i Blocktest 
936 r v |a BM 9525  |b Lourdes  |k Theologie und Religionswissenschaften  |k Theologie des geistlichen Lebens  |k Systematische Darstellungen zur Theologie des geistlichen Lebens  |k Theologie der Mystik  |k Einzelne besondere Ereignisse  |k Marienerscheinungen  |k Lourdes  |0 (DE-627)1270734881  |0 (DE-625)rvk/13019:  |0 (DE-576)200734881 
951 |a BO 
ELC |b 1 
ITA |a 1  |t 1 
LOK |0 000 xxxxxcx a22 zn 4500 
LOK |0 001 3274072362 
LOK |0 003 DE-627 
LOK |0 004 054401844 
LOK |0 005 19981019000000 
LOK |0 008 981019||||||||||||||||ger||||||| 
LOK |0 040   |a DE-21  |c DE-627  |d DE-21 
LOK |0 852   |a DE-21 
LOK |0 852 1  |c 19 A 22022  |9 00 
LOK |0 935   |a kram  |a konv 
LOK |0 939   |a 19-10-98  |b l01 
ORI |a SA-MARC-ixtheoa001.raw 
STA 0 0 |a Marian apparition,Blessed Virgin,Apparition of the Blessed Virgin 
STB 0 0 |a Apparition mariale,Mariophanie,Mariophanie 
STC 0 0 |a Aparición de Nuestra Señora 
STD 0 0 |a Apparizione mariana 
STE 0 0 |a 圣母显现,圣母显灵 
STF 0 0 |a 聖母顯現,聖母顯靈 
STG 0 0 |a Aparição de Nossa Senhora 
STH 0 0 |a Явления Девы Марии 
STI 0 0 |a Εμφάνιση της Παναγίας,Εμφάνιση της Παρθένου Μαρίας,Εμφάνιση της Θεοτόκου 
SYG 0 0 |a Soubirous, Bernadette,Heilige,1844-1879,Soubirous, Marie Bernarde,Heilige,1844-1879,Sobeirons, Maria Bernarda,Heilige,1844-1879,Soubirous, Marie-Bernarde,Heilige,1844-1879,Soubirous, Bernadette,1844-1879,Soubirous, Marie Bernarde,1844-1879,Sobeirons, Maria Bernarda,1844-1879,Marie Bernarde,Sœur, Heilige,1844-1879,Bernadette,von Lourdes, Heilige,1844-1879,Bernadette,Sainte,1844-1879